De quel crossover s'agit-il? - Statistiques

Statistiques générales
  • Ce quiz a été pris 21 fois
  • Le résultat moyen est 6 sur 14
Statistiques - réponses
Description Titre du crossover % Correct
Jeu regroupant des combattants des différentes licences de Nintendo Super Smash Bros
100%
Série de films voyant collaborer les super-héros du MCU contredes ennemis redoutables Avengers
68%
Equipe de super-héros DC qui donne son nom au film Justice League
68%
Crossover entre l'univers de Square Enix et celui de Disney Kingdom Hearts
58%
Jeu de combat mélangeant des personnages d'anime différents Jump Force
53%
Crossover des différents personnages des jeux Zelda Hyrule Warriors
47%
Dessin-animé où un méchant de jeu vidéo s'échappe de son jeuet en visite d'autres Les Mondes de Ralph
47%
Série se basant à Storybrooke, où des personnages de différentscontes se retrouvent piégés par une malédiction Once upon a time
32%
Jeu LEGO qui voit cohabiter des personnages d'univers différents,mais apparaissant tous dans des jeux LEGO LEGO Dimensions
26%
Jeux de sports, crossover entre Nintendo et Sega Mario & Sonic aux Jeux Olympiques
26%
Suite d'un certain film avec des Looney Tunes jouant au basketball,dans lequel les univers de Warner Bros se retrouvent mélangés Space Jam: Nouvelle ère
21%
Jeu sur WIIU qui regroupait plusieurs licences de Nintendo sousforme de mini-jeux NintendoLand
5%
Quand un affrontement entre un certain extraterrestre doté d'unearmure et un autre nommé "la Reine" a lieu, ça donne ce film Predator vs Alien
5%
Série des années 1990 dont le héros, Kevin, se retrouvait dans le monde fictif de Videoland, où les personnages de Nintendo se recontrent entre eux Captain N
0%
Aucun quiz correspondant
Distribution des résultats
% des personnes avec chaque résultat
Percentile par nombre de réponses
Votre historique - résultats
Vous n’avez pas pris ce quiz